000 00312nam a2200133Ia 4500
005 20251222155142.0
008 251222s9999||||xx |||||||||||||| ||spa||
082 _aSIC.41
100 _aGUADALUPE, Luis.
245 0 _aMetodología de la investigación
250 _a1ra. ed.
264 _bCaribe
942 _cLIB
999 _c39226
_d39226